书目信息 |
| 题名: |
二十四岁后的女性
|
|
| 作者: | 下重晓子 著 ;陈晓芬 译 | |
| 分册: | ||
| 出版信息: | 上海 上海人民出版社 1989.3 |
|
| 页数: | 202页 | |
| 开本: | 19cm | |
| 丛书名: | 书林丛书 | |
| 单 册: | ||
| 中图分类: | C913.1 | |
| 科图分类: | 33.654 | |
| 主题词: | 妇女学--通俗读物 | |
| 电子资源: | ||
| ISBN: | 7-208-00511-7 | |
| 000 | 00895oam2 2200289 450 | |
| 001 | 0190025153 | |
| 005 | 20100712224105.0 | |
| 010 | @a7-208-00511-7@dCNY1.85 | |
| 011 | @a7-208-00511-7 | |
| 100 | @a19921223d1989 m y0chiy0110 ea | |
| 101 | 1 | @achi@cjpn |
| 102 | @aCN@b310000 | |
| 105 | @ay z 000yy | |
| 106 | @ar | |
| 200 | 1 | @a二十四岁后的女性@9Er Shi Si Sui Hou De;Di Nu^ Xing @e性与生活的智慧@f(日)下重晓子著@g陈晓芬译 |
| 210 | @a上海@c上海人民出版社@d1989.3 | |
| 215 | @a202页@d19cm | |
| 225 | 2 | @a书林丛书 |
| 330 | @a本书是介绍当代日本成年女性的人生观尤其是恋爱观、婚姻观和家庭观的通俗妇女读物。 | |
| 461 | 0 | @12001 @a书林丛书 |
| 606 | 0 | @a妇女学@x通俗读物 |
| 690 | @aC913.1@v三版 | |
| 692 | @a33.654 | |
| 701 | 0 | @a下重晓子@9xia chong xiao zi@4著 |
| 702 | 0 | @a陈晓芬@9chen xiao fen@4译 |
| 801 | 0 | @aCN@b91MARC@c20130904 |
| 905 | @aBZT@dC913.1@e415@f2@sC913.1/415 | |
| 二十四岁后的女性:性与生活的智慧/(日)下重晓子著/陈晓芬译.-上海:上海人民出版社,1989.3 |
| 202页;19cm.-(书林丛书) |
| ISBN 7-208-00511-7:CNY1.85 |
| 本书是介绍当代日本成年女性的人生观尤其是恋爱观、婚姻观和家庭观的通俗妇女读物。 |
| ● |
| 相关链接 |
|
|
|
正题名:二十四岁后的女性
索取号:C913.1/415
 
预约/预借
| 序号 | 登录号 | 条形码 | 馆藏地/架位号 | 状态 | 备注 |
| 1 | 2000142871 | 2000142871 | 旧书回溯/ [索取号:C913.1/415] | 在馆 | |
| 2 | 2000142872 | 2000142872 | 旧书回溯/ [索取号:C913.1/415] | 在馆 |